Surfaces aleatoires : mesure geometrique des ensembles de niveau

Saved in:
Bibliographic Details
Main Author: Wschebor, Mario
Format: Book
Language:French
Published: Berlin ; New York : Springer-Verlag, c1985
Series:Lecture notes in mathematics (Springer-Verlag) ; 1147
Subjects:
Tags: Add Tag
No Tags, Be the first to tag this record!

MARC

LEADER 00000nam a2200000 i 4500
001 1/63030
008 941103s1985 fre d
020 |a 3-540-15688-7 
035 |a 1993  |l 10046720 
040 |a GR-MY-UA  |b gre  |e aacr 
041 0 |a fre 
082 0 |a 519.2 
100 1 |a Wschebor, Mario. 
245 1 0 |a Surfaces aleatoires :  |b mesure geometrique des ensembles de niveau /  |c Mario Wschebor 
260 |a Berlin ; New York :   |b Springer-Verlag,   |c c1985 
300 |a v, 111 p.;  |c 25 cm. 
490 1 |a Lecture notes in mathematics (Springer-Verlag)  |v ; 1147 
500 |a Includes bibliographies (p.[107]-109) and indexes 
650 0 0 |a Stochastic processes. 
650 0 0 |a Geometric measure theory. 
650 0 0 |a Surfaces. 
830 0 |a Lecture notes in mathematics (Springer-Verlag)  |v ; 1147 
852 |a INST  |b SAMOS  |e 19941103  |h 519.2 WSC  |p 005300006955  |q 005300006955  |t BK  |y 0 
909 |a Σ  |b 029042